| 000 | 01224cam a2200337 i 4500 | ||
|---|---|---|---|
| 001 | ocn881280178 | ||
| 003 | EG-ScBUE | ||
| 005 | 20240610123909.0 | ||
| 008 | 140606s2015 nyua f b f001 0 eng d | ||
| 020 | _a9781107602526 | ||
| 020 | _a1107602521 | ||
| 040 |
_aDLC _beng _erda _cDLC _dYDX _dBTCTA _dOCLCF _dWEL _dTXX _dYDXCP _dOCLCO _dCOO _dZCU _dEG-ScBUE |
||
| 043 | _afw----- | ||
| 082 | 0 | 4 |
_222 _a966.032 _bMAN |
| 100 | 1 |
_aMann, Gregory, _d1971- _eauthor. |
|
| 245 | 1 | 0 |
_aFrom empires to NGOs in the West African Sahel : _bthe road to nongovernmentality / _cGregory Mann, Columbia University. |
| 264 | 1 |
_aNew York : _bCambridge University Press, _c2015. |
|
| 300 |
_axvi, 281 pages : _billustrations ; _c24 cm. |
||
| 336 |
_2rdacontent _atext _btxt |
||
| 337 |
_aunmediated _2rdamedia _bn |
||
| 338 |
_avolume _bnc _2rdacarrier |
||
| 490 | 0 |
_aAfrican studies ; _v129 |
|
| 504 | _aIncludes bibliographical references and index. | ||
| 650 | 7 |
_aNon-governmental organizations _zSahel. _2BUEsh |
|
| 651 | 7 |
_aSahel _xPolitics and government. _2BUEsh |
|
| 651 | 7 |
_aSahel _xSocial conditions. _2BUEsh |
|
| 651 | 7 |
_aSahel _xEconomic conditions. _2BUEsh |
|
| 653 |
_bBUSBOL _cDecember2016 |
||
| 655 | _vReading book | ||
| 942 |
_2ddc _cBB |
||
| 999 |
_c23523 _d23495 |
||